[Event "SRB-chT2 East"]
[Site "Serbia"]
[Date "2017.09.08"]
[Round "1.2"]
[White "Delchev, Aleksander"]
[Black "Keca, Dragomir"]
[Result "1-0"]
[WhiteElo "2577"]
[BlackElo "2174"]
[PlyCount "27"]
[EventDate "2017.09.08"]
[EventType "team-tourn"]
[EventRounds "11"]
[EventCountry "SRB"]
[SourceTitle "EXT 2022"]
[Source "ChessBase"]
[SourceDate "2021.10.06"]
[SourceVersion "1"]
[SourceVersionDate "2021.10.06"]
[SourceQuality "1"]

1. e4 c6 2. d4 d5 3. e5 Bf5 4. h4 h5 5. c4 e6 6. Nc3 Ne7 7. Nge2 dxc4 8. Ng3 Nd7 9. Bg5 Qa5 10. Bxc4 Rd8 11. Nxf5 exf5 12. Qb3 Nxe5 13. dxe5 Qxe5+ 14. Kf1 1-0

[Event "SRB Central-chT qual"]
[Site "Nis"]
[Date "2014.10.05"]
[Round "6"]
[White "Savic, Miodrag R"]
[Black "Keca, Dragomir"]
[Result "1/2-1/2"]
[WhiteElo "2520"]
[BlackElo "2196"]
[PlyCount "30"]
[EventDate "2014.10.02"]
[EventType "team-tourn"]
[EventRounds "7"]
[EventCountry "SRB"]
[SourceTitle "CBM 163 Extra"]
[Source "ChessBase"]
[SourceDate "2014.12.23"]
[SourceVersion "1"]
[SourceVersionDate "2014.12.23"]
[SourceQuality "1"]

1. d4 d5 2. c4 e6 3. Nc3 Be7 4. Nf3 Nf6 5. Bg5 h6 6. Bh4 0-0 7. e3 b6 8. Be2 Bb7 9. cxd5 Nxd5 10. Bxe7 Qxe7 11. Nxd5 exd5 12. Rc1 c5 13. dxc5 bxc5 14. 0-0 Nd7 15. Qc2 Rfc8 1/2-1/2

[Event "Nis Svetosavski op"]
[Site "Nis"]
[Date "2011.01.22"]
[Round "3"]
[White "Keca, Dragomir"]
[Black "Livaja, Mario"]
[Result "1/2-1/2"]
[WhiteElo "2188"]
[BlackElo "2233"]
[PlyCount "104"]
[EventDate "2011.01.21"]
[EventType "swiss"]
[EventRounds "5"]
[EventCountry "SRB"]
[SourceTitle "CBM 140 Extra"]
[Source "ChessBase"]
[SourceDate "2011.03.01"]
[SourceVersion "1"]
[SourceVersionDate "2011.03.01"]
[SourceQuality "1"]

1. c4 Nf6 2. Nc3 g6 3. e4 d6 4. d4 Bg7 5. Nf3 0-0 6. Be2 c5 7. d5 b5 8. cxb5 a6 9. 0-0 axb5 10. Bxb5 Qa5 11. Nd2 Ba6 12. Nc4 Qc7 13. Qe2 Bxb5 14. Nxb5 Qb7 15. a4 Na6 16. Na5 Qd7 17. Bd2 e6 18. dxe6 fxe6 19. e5 dxe5 20. Bc3 Nb4 21. Nc4 Nfd5 22. Bxe5 Bxe5 23. Nxe5 Qe7 24. g3 Qg5 25. Kh1 Qf5 26. Nd7 Nf4 27. Qf3 Nfd3 28. Qxf5 Rxf5 29. f4 Rd8 30. g4 Rf7 31. Ne5 Rxf4 32. Nxd3 Rxf1+ 33. Rxf1 Rxd3 34. Nc7 Rd6 35. Rf6 Rd1+ 36. Kg2 Nd5 37. Nxd5 exd5 38. Rc6 c4 39. a5 Rd2+ 40. Kf3 Rxb2 41. a6 Kf7 42. Ke3 Ke7 43. Kd4 Kd7 44. Rc5 Ra2 45. Kxd5 Rxa6 46. Rxc4 Ra5+ 47. Ke4 Ra2 48. h4 Rh2 49. Kf4 Rxh4 50. Kg5 Rh1 51. Ra4 Ke6 52. Ra6+ Kf7 1/2-1/2

[Event "SRB-chT2 East"]
[Site "Golubac"]
[Date "2008.10.18"]
[Round "10.4"]
[White "Keca, Dragomir"]
[Black "Ivanovic, Zoran M"]
[Result "1/2-1/2"]
[WhiteElo "2202"]
[BlackElo "2167"]
[PlyCount "25"]
[EventDate "2008.09.14"]
[EventType "team"]
[EventRounds "11"]
[EventCountry "SRB"]
[SourceTitle "EXT 2012"]
[Source "ChessBase"]
[SourceDate "2011.11.24"]
[SourceVersion "1"]
[SourceVersionDate "2011.11.24"]
[SourceQuality "1"]

1. Nf3 c5 2. c4 Nc6 3. d4 cxd4 4. Nxd4 g6 5. e4 Bg7 6. Be3 d6 7. Nc3 Nf6 8. Be2 Bd7 9. 0-0 0-0 10. Qd2 a6 11. f3 Rc8 12. Rfd1 Ne5 13. b3 1/2-1/2

[Event "SRB-chT2 East"]
[Site "Golubac"]
[Date "2008.10.17"]
[Round "8.6"]
[White "Keca, Dragomir"]
[Black "Bura, Goran"]
[Result "0-1"]
[WhiteElo "2202"]
[BlackElo "2152"]
[PlyCount "81"]
[EventDate "2008.09.14"]
[EventType "team"]
[EventRounds "11"]
[EventCountry "SRB"]
[SourceTitle "EXT 2012"]
[Source "ChessBase"]
[SourceDate "2011.11.24"]
[SourceVersion "1"]
[SourceVersionDate "2011.11.24"]
[SourceQuality "1"]

1. c4 Nf6 2. Nf3 c6 3. g3 d5 4. b3 g6 5. Bb2 Bg7 6. Bg2 0-0 7. 0-0 Bf5 8. d3 a5 9. cxd5 cxd5 10. Nc3 Nc6 11. Nb5 Qb6 12. a4 Bd7 13. Rc1 Rac8 14. Qd2 Rfd8 15. Bc3 Be8 16. Qb2 Nh5 17. Bh3 Bd7 18. Bxd7 Rxd7 19. Bxg7 Nxg7 20. Rc2 f6 21. Rfc1 e5 22. Qa3 Rcd8 23. Qc5 Qxc5 24. Rxc5 Ne6 25. R5c2 e4 26. Nd2 Ned4 27. Rxc6 Nxc6 28. dxe4 dxe4 29. Nxe4 Rd1+ 30. Rxd1 Rxd1+ 31. Kg2 Kg7 32. Ned6 Rb1 33. Nxb7 Rxb3 34. Nc5 Rb4 35. e4 Rc4 36. Nc7 Kf7 37. N7a6 Kg8 38. Nd7 Kg7 39. Ndc5 Ne5 40. Ne6+ Kf7 41. Nec5 0-1

[Event "SRB-chT2 East"]
[Site "Golubac"]
[Date "2008.10.17"]
[Round "7.1"]
[White "Madjar, Stanislav"]
[Black "Keca, Dragomir"]
[Result "1/2-1/2"]
[WhiteElo "2205"]
[BlackElo "2202"]
[PlyCount "56"]
[EventDate "2008.09.14"]
[EventType "team"]
[EventRounds "11"]
[EventCountry "SRB"]
[SourceTitle "EXT 2012"]
[Source "ChessBase"]
[SourceDate "2011.11.24"]
[SourceVersion "1"]
[SourceVersionDate "2011.11.24"]
[SourceQuality "1"]

1. c4 e6 2. Nc3 d5 3. d4 Be7 4. Nf3 Nf6 5. cxd5 exd5 6. Bg5 Nbd7 7. e3 c6 8. Qc2 0-0 9. Bd3 Re8 10. 0-0 Nf8 11. Rab1 Ne4 12. Bxe7 Qxe7 13. b4 a6 14. a4 Nxc3 15. Qxc3 Be6 16. Rfc1 Rec8 17. Nd2 Ng6 18. Bxg6 hxg6 19. Nb3 Qg5 20. Qe1 Bf5 21. Rb2 Re8 22. Nc5 Re7 23. Qf1 Kh7 24. Kh1 Qf6 25. Qe2 Rae8 26. Qd2 Ra8 27. Qe2 Rae8 28. Qd2 Ra8 1/2-1/2

[Event "SRB-chT2 East"]
[Site "Serbia"]
[Date "2006.09.17"]
[Round "1.2"]
[White "Keca, Dragomir"]
[Black "Biljanic, Ljubomir"]
[Result "0-1"]
[WhiteElo "2221"]
[BlackElo "2279"]
[PlyCount "64"]
[EventDate "2006.09.09"]
[EventType "team"]
[EventRounds "11"]
[EventCountry "SRB"]
[SourceTitle "EXT 2012"]
[Source "ChessBase"]
[SourceDate "2011.11.24"]
[SourceVersion "1"]
[SourceVersionDate "2011.11.24"]
[SourceQuality "1"]

1. c4 Nf6 2. Nf3 e6 3. g3 d5 4. Bg2 Bd6 5. d4 c6 6. 0-0 Nbd7 7. Nc3 0-0 8. c5 Bc7 9. Bf4 Bxf4 10. gxf4 Nh5 11. e3 g6 12. b4 f6 13. Kh1 Qe7 14. Rg1 e5 15. f5 exd4 16. Nxd4 Ng7 17. e4 dxe4 18. Nxe4 g5 19. Nd6 Ne5 20. f4 gxf4 21. Qd2 Kh8 22. Qxf4 a5 23. a3 Ne8 24. Rad1 axb4 25. axb4 Rg8 26. Rge1 Bd7 27. Ne6 Bxe6 28. fxe6 Qxe6 29. Rxe5 fxe5 30. Nf7+ Kg7 31. Nxe5 Nf6 32. Bh3 Qe7 0-1

[Event "Novi Sad op"]
[Site "Novi Sad"]
[Date "1989.??.??"]
[Round "4"]
[White "Bogic, Stevan"]
[Black "Keca, Dragomir"]
[Result "0-1"]
[WhiteElo "2230"]
[BlackElo "2250"]
[PlyCount "44"]
[EventDate "1989.??.??"]
[EventType "swiss"]
[EventRounds "9"]
[EventCountry "YUG"]
[SourceTitle "EXT 2000"]
[Source "ChessBase"]
[SourceDate "1999.11.16"]
[SourceVersion "1"]
[SourceVersionDate "1999.11.16"]
[SourceQuality "1"]

1. e4 c6 2. d4 d5 3. exd5 cxd5 4. c4 Nf6 5. Nc3 e6 6. Nf3 Be7 7. cxd5 Nxd5 8. Bd3 Nc6 9. 0-0 0-0 10. Re1 Bf6 11. Be4 Nce7 12. Ne5 Nc6 13. Nxc6 bxc6 14. Qd3 g6 15. Bh6 Bg7 16. Bxg7 Kxg7 17. Na4 Rb8 18. b3 Qf6 19. Rad1 Rd8 20. Qg3 Nf4 21. a3 e5 22. dxe5 Ne2+ 0-1

[Event "Novi Sad op"]
[Site "Novi Sad"]
[Date "1989.??.??"]
[Round "5"]
[White "Keca, Dragomir"]
[Black "Filipenko, Alexander V"]
[Result "0-1"]
[WhiteElo "2250"]
[BlackElo "2380"]
[PlyCount "74"]
[EventDate "1989.??.??"]
[EventType "swiss"]
[EventRounds "9"]
[EventCountry "YUG"]
[SourceTitle "EXT 2000"]
[Source "ChessBase"]
[SourceDate "1999.11.16"]
[SourceVersion "1"]
[SourceVersionDate "1999.11.16"]
[SourceQuality "1"]

1. Nf3 d5 2. g3 c6 3. Bg2 Bf5 4. 0-0 e6 5. d3 Nf6 6. c4 h6 7. b3 Be7 8. Bb2 0-0 9. Nbd2 a5 10. a3 Bh7 11. Rc1 Nbd7 12. Rc2 Re8 13. Qa1 c5 14. cxd5 exd5 15. a4 Nb8 16. Ne5 Na6 17. Bh3 Nb4 18. Rcc1 Bd6 19. f4 Re7 20. Bc3 Qb6 21. Kh1 Rae8 22. Ndf3 Qa6 23. Qb2 d4 24. Bxb4 axb4 25. Rf2 Qa8 26. Kg1 Qd8 27. Qc2 Nd5 28. Qc4 Nc3 29. Re1 Qc7 30. Bg4 Kh8 31. Nh4 g5 32. Nf5 Bxf5 33. Bxf5 gxf4 34. gxf4 Bxe5 35. fxe5 Rg8+ 36. Kf1 Qxe5 37. e4 Qg7 0-1